| 000 | 01103cam a2200337 a 4500 | ||
|---|---|---|---|
| 999 |
_c592 _d592 |
||
| 001 | 12506071 | ||
| 003 | GZU | ||
| 005 | 20200908102220.0 | ||
| 008 | 010714s2001 sw 000 0 eng | ||
| 010 | _a 2001415473 | ||
| 015 | _aGBA1-W2727 | ||
| 020 | _a9171064729 | ||
| 035 | _a(OCoLC)ocm47675713 | ||
| 040 |
_aUKM _cUKM _dOCLCQ _dDLC |
||
| 042 | _alccopycat | ||
| 043 | _af------ | ||
| 050 | 0 | 0 | _aDT30.5 ADE 2004 |
| 245 | 0 | 0 |
_aAfrican voices, African visions / _cedited by Olugbenga Adesida and Arunma Oteh. |
| 260 |
_aUppsala : _bNordic Africa Institute ; _aLondon : _bGlobal, _c2004 |
||
| 300 |
_a217 p. ; _c25 cm. |
||
| 650 | 0 |
_aCommunity development _zAfrica. |
|
| 651 | 0 |
_aAfrica _xHistory _y1960- |
|
| 651 | 0 |
_aAfrica _xPolitics and government _y1960- |
|
| 651 | 0 |
_aAfrica _xSocial conditions _y1960- |
|
| 700 | 1 | _aAdesida, Olugbenga. | |
| 700 | 1 | _aOteh, Arunma. | |
| 906 |
_a7 _bcbc _ccopycat _d2 _encip _f20 _gy-gencatlg |
||
| 942 |
_cBK _i30.5 _kADE _m2004 |
||